Common Medical Prefixes and Suffixes - Statistics

General Stats
  • This quiz has been taken 291 times
  • The average score is 9 of 30
Answer Stats
Hint Answer % Correct
Water Hydro
87%
Heart Card
76%
Skin Derm
73%
Stomach Gastr
72%
Nerve Neur
69%
Inflammation of Itis
57%
Cancer Onco
55%
Blood Hema
45%
Muscle Myo
43%
Liver Hepat
39%
Study of Logy
39%
Joint Arthr
32%
Cell Cyt
28%
Below Hypo
22%
Rapid Tachy
22%
Above Hyper
20%
Arm Brachi
19%
Neck Cerv
19%
Without A
17%
Fingers/ Toes Dactyl
17%
Vessel Vas
15%
To cut/ Cutting Tomy
13%
Within Endo
12%
Out of Exo
11%
Near, Beside Para
11%
Origin Genesis
6%
Slow Brachy
5%
To be produced Gen
4%
Dilation Diastol
1%
Contraction Systol
1%
No matching quizzes found
Score Distribution
Percent of People with Each Score
Percentile by Number Answered
Your Score History
You have not taken this quiz